Separated Cities (Kansas) Quiz Stats

 Plays Quiz not verified by Sporcle

Challenge
Share
Tweet
Score 0/15 Timer 03:00
0 Plays Today
% Correct
Kansas
98.4%
To
98.2%
Man
97.9%
Dodge
97.6%
Wi
97.4%
Overland
96.9%
Garden
96.6%
Law
96.3%
% Correct
Hutchin
95%
Shaw
91.3%
O
87.7%
Leaven
85.8%
Sali
79.5%
Lea
78%
Le
75.1%

You're not logged in!

Compare scores with friends on all Sporcle quizzes.
OR
Log In

You Might Also Like...

Show Comments

Extras

Top Quizzes Today


Score Distribution

Your Account Isn't Verified!

In order to create a playlist on Sporcle, you need to verify the email address you used during registration. Go to your Sporcle Settings to finish the process.

Report this User

Report this user for behavior that violates our Community Guidelines.

Details: